00725nam a2200205 i 4500003000900000005001700009007000300026008004100029040003000070041000800100082001800108111007400126245011100200264007700311300002500388336002700413337003300440338002800473490001800501DO-SdBNP20250630153737.0ta250630t2006 dr 000 0 spa d aDO-SdBNPbspacBNPHUerda hspa axxxxbJ822221 aJornada Nacional Capacitación Municipal c(Santo Domingo? :d2006?)13aRealidades y desafíos de la gestión municipal en el marco de la reforma y modernización del Estado / aSanto Domingo :bConsejo Nacional de Reforma del Estado (CONARE),c2006. a38 páginasc28 cm. atextobtxt2rdacontent asin mediaciónbn2rdamedia avolumenbnc2rdacarrier1 aCuaderno ;v1